00531nam a2200157 i 450000100060000000300090000600500170001500700030003200800410003524500570007626000300013330000200016385200450018399900170022895201280024556508ES-MaACL20230906163403.0t|031009s1767 fr ||||1| fre d00aDictionnaire historique des auteurs ecclesiastiques. aLyon : bBessiat, c1767. a4 v. ; c18 cm. aES-MaACLjR-424-27 x Olim: D: 419-22 c56508d56508 001040708LIBXVIIIaATENEOMbATENEOMcDEPOd2008-01-17eSCl0oR-424-27p1059346r2023-02-23 00:00:00w2023-02-23yMONANT